Monumentos por Imágenes #2 - Estadísticas

Estadísticas generales
  • Esta prueba ha sido intentada 3.081 veces
  • La puntuación promedio es 10 de 18
Estadísticas de respuestas
Imagen Respuesta % Correcto
Big Ben
94%
Museo del {Louvre}
94%
Cataratas del Niágara
84%
Gran Esfinge
78%
Notre Dame
76%
Acrópolis de Atenas
75%
Gran Cañón
74%
Plaza de {San Pedro}
62%
Panteón de Agripa
53%
Ciudad {Prohibida}
52%
Monumento a {Lincoln}
49%
Santa Sofía
43%
Puente de la Torre
40%
Angkor Wat
32%
Catedral de {San Basilio}
30%
Uluru
28%
{CN} Tower
21%
Cúpula de la Roca
10%
No se encontraron pruebas coincidentes
Distribución de puntuación
Porcentaje de gente con cada puntuación
Porcentaje por número respondido
Historial de tus puntuaciones
No has intentado esta prueba.